000 00920nam a22002417a 4500
999 _c1750
_d1750
003 AR-CdUCM
008 190227b ||||| |||| 00| 0 eng d
040 _aMUNICIPALIDAD PROVINCIAL DEL CUSCO
_cBIBLIOTECA MUNICIPAL DEL CUSCO
082 _21ra. ed.
_a322 /
_bL2
100 _aKarp Toledo, Eliane
_96431
245 _aEl Tema Indigena en Debate :
_bAportes para la reforma constitucional /
_cKarp Toledo, Eliane
260 _aLima - Peru :
_bDespacho de la Primera dama de la nacion ,
_c2003.
300 _a203 paginas :
_c24 cm.
505 _aDerechos Constitucionales de los Pueblos Indigenas del PerĂº...
650 _aDerecho Civil.
_95265
650 _aGobierno e Indigenismo.
_96432
650 _aGobierno Peruano.
_96433
650 _aPueblos Indigenas del Peru.
_96434
650 _aReformas Constitucionales.
_96435
700 _aKarp Toledo, Eliane
_96431
942 _2ddc
_cLIBROS
945 _artm
_d2019-02-27